000 01808cam a2200373 i 4500
001 18827865
005 20220812110940.0
008 151022s2016 enk b 001 0 eng
010 _a 2015041655
020 _a9781138833586 (hbk)
020 _a9781138833562 (pbk)
020 _z9781315735429 (ebk)
040 _aDLC
_beng
_cDLC
_erda
_dDLC
042 _apcc
050 0 0 _aK1322
_b.B874 2016
082 0 0 _a341.481
_bBUS
245 0 0 _aBusiness and human rights :
_bfrom principles to practice /
_cedited by Dorothée Baumann-Pauly and Justine Nolan.
264 1 _aAbingdon, Oxon ;
_aNew York, NY :
_bRoutledge Taylor & Francis Group,
_c2016.
300 _axx, 329 pages ;
_c24 cm
336 _atext
_2rdacontent
337 _aunmediated
_2rdamedia
338 _avolume
_2rdacarrier
504 _aIncludes bibliographical references and index.
505 0 _aThe relationship of human rights to business -- Regulatory framework and guiding principles -- Business and human rights : implementation challenges -- Defining and implementing human rights standards industry by industry -- Key constituents that drive the implementation of business and human rights -- Accountability and remedy -- Global rules, private actors : future challenges for business and human rights.
650 0 _aInternational business enterprises
_xLaw and legislation.
_994152
650 0 _aCorporate governance
_xLaw and legislation
_xSocial aspects.
_994153
650 0 _aSocial responsibility of business.
650 0 _aHuman rights.
700 1 _aBaumann-Pauly, Dorothée,
_eeditor.
_994154
700 1 _aNolan, Justine,
_eeditor.
_994155
906 _a7
_bcbc
_corignew
_d1
_eecip
_f20
_gy-gencatlg
942 _2ddc
_cBK
999 _c590421
_d590421